000 00329nam a2200133Ia 4500
005 20251222155140.0
008 251222s9999||||xx |||||||||||||| ||spa||
082 _aSIQ.26
100 _aDr.Cesar Sotillo Zevallos
245 0 _aManual Programa Psicoeducativo Familiar
250 _a1ra. ed.
264 _bINSM H.N-
942 _cLIB
999 _c39141
_d39141